00959nam a22002057a 450000500170000000700150001700800410003202000220007303500100009504000090010510000210011424501320013525600240026726000360029130000280032750602700035565000490062574000380067485600410071220240305165611.0cr|||| |||| 210811s2012 ca |||||s|||| 00||0 eng d a978-1-55221-228-8 a34862 avLex1 aGriesdorf, Wendy10aLaw Firm Recruitment in Canadah[Recurso electrónico] :bJob Search Advice for Law Students and Associates /cWendy Griesdorf aServicio en línea aToronto:bIrwin Law Inc.,c2012 a1 recurso electrónico1 aDisponible solo en los productos indicadosdvLex GlobaldvLex Global (Academic Edition, excluding Law Schools)dvLex Global (U.S. Academic Edition, Law Schools)dvLex Global (U.S. Academic Edition, excluding Law Schools)dvLex Global (Academic Edition, Law Schools)04aDerecho Laboral y Seguridad SocialzCanadá0 avLex Libros (Servicio en línea)40uhttps://app.vlex.com/#/sources/34862